00414nam a2200181Ia 4500003000400000005001700004008004100021040000700062041000800069082001900077100002200096245002200118250000600140260003800146300001500184365000800199650002500207OSt20230320094845.0210423s1981 xx 000 0 und d cAL aeng a660 223bSTIW aSTINE (William R) aApplied chemistry a2 aBostonbAllyn and Bacon Incc1981 axvi,558,18 cINR aChemical Engineering